| 000 | 01086cab a22002055a 4500 | ||
|---|---|---|---|
| 001 | L142336 | ||
| 008 | 080206e20080202xxk f 000 0 eng d | ||
| 035 | _a(Sirsi) u142336 | ||
| 041 | 0 | _aeng | |
| 100 | 1 | _aHeighton, Mark | |
| 245 | 0 | 0 | _aUse your initiative |
| 260 | _c2008 | ||
| 490 |
_aEstates Gazette _v(0804) 2 February 2008, 164-165(2) |
||
| 520 | _aExamines the increasingly popular trend of landlords to boost their income by commercialising their non-lettable space. Popular schemes include advertising hoardings, branding and advertising opportunities, snack and ice-cream vans, ATM installations and vending machines. Considers the implications for lease terms. Outlines landlord requirements under the RICS code of Service charges in commercial property (L133990). Also addresses the common practice of appointing a third party to deal with commercialisation opportunities. | ||
| 590 | _aKA | ||
| 650 | 2 | 4 | _aTELECOMMUNICATIONS CODE |
| 651 | 4 |
_aUnited Kingdom _y |
|
| 690 | _aPROPERTY-COMMERCIAL PROPERTY-COMMERCIAL LANDLORD AND TENANT-COMMERCIAL LEASES | ||
| 942 | _n0 | ||
| 999 |
_c79779 _d79779 |
||